000 00274nam a2200121 4500
999 _c11274
_d11274
003 OSt
005 20230216171800.0
008 230216b ||||| |||| 00| 0 eng d
100 _aMikhail Dunaev
245 _aSmolensk
260 _bProgress publishers/Moscow
942 _2ddc